000 00962nam a22002657a 4500
999 _c64406
_d64406
005 20240530110730.0
008 180415s2017 ua a g b 000 0 ara d
017 _a2016/7876
_bمصر. دار الكتب
020 _a9789776519138
040 _aEG-CaGPL
_cEG-CaGPL
082 0 4 _221
_a171 \
_bم أ
100 0 _aمحمد عثمان الخشت
245 1 0 _aاخلاق التقدم :
_bرؤية فلسفية تطبيقية /
_cمحمد عثمان الخشت ؛ تقديم عمرو شريف .
250 _aط.1
260 _aالقاهرة :
_bنيوبوك للنشر والتوزيع،
_c2017 .
300 _a239 ص. ؛
_c22 سم.
650 0 7 _2qrmak
_aالتقدم الاجتماعى
650 0 7 _2qrmak
_aالدين والاخلاق
650 0 7 _2qrmak
_aالاخلاق
650 0 7 _2qrmak
_aالمجتمع
651 _2qrmak
700 0 _aعمرو شريف
_eمقدم
942 _2ddc
_cBK